| 000 | 01508cam a2200289 4500 | ||
|---|---|---|---|
| 001 | ABS68800 | ||
| 008 | 050318n2005 000 0 eng u | ||
| 035 | _a(Sirsi) u129104 | ||
| 100 | _aRoss, H. | ||
| 245 |
_aListed building control _bthe Scottish perspective |
||
| 260 | _c2005 | ||
| 490 |
_aChristie's Bulletin for Professional Advisors _v9(2) Winter 2004, 22-28(7) |
||
| 520 | _aExamines listed building control in Scotland. Notes that the relevant Act dealing with this subject is the Town and Country Planning (Scotland) Act 1997 and the Planning (Listed Buildings and Conservation Areas) (Scotland) Act 1997. Shows from a report by Audit Scotland that 25 000 listed building consent applications over a period of 10 years are handled without issue. Other figures show that 97% of listed building consent costs being resolved within 28 days. | ||
| 590 | _aABS | ||
| 650 | _aPLANNING (LISTED BUILDINGS AND CONSERVATION AREAS) (SCOTLAND) ACT 1997 | ||
| 650 | _aLISTED BUILDING CONTROL | ||
| 650 | _aSCOTLAND | ||
| 650 | _aTOWN AND COUNTRY PLANNING (SCOTLAND) ACT 1997 | ||
| 650 | _aGLASGOW CITY COUNCIL V CANNELL AND CHRISTIES LTD | ||
| 650 | _aSCOTTISH DISCOUNT COMPANY V BLIN | ||
| 650 | _aSINCLAIR LOCKHART TRUSTEES V CENTRAL LAND BOARD | ||
| 650 | _aCURTILAGE | ||
| 650 | _aAMPLIFLAIRE LIMITED V SOS SCOTLAND | ||
| 650 | _aTOWN AND COUNTRY PLANNING (SCOTLAND) ACT 1972 | ||
| 690 | _aBUILT ENVIRONMENT-BUILDING MAINTENANCE AND REFURBISHMENT-BUILDING CONSERVATION | ||
| 942 | _n0 | ||
| 999 |
_c74945 _d74945 |
||